Statistics for 1980年の上野駅の列車時刻表

Click here to take the quiz!

General Stats

  • This quiz has been taken 1,311 times
  • The average score is 209 of 274

Answer Stats

方面時間種別行先% Correct
東北線方面19時0特急仙台
98%
東北線方面17時0特急仙台
98%
東北線方面30特急仙台
98%
東北線方面12時0特急仙台
98%
東北線方面11時0特急仙台
98%
東北線方面14時0急行仙台
98%
東北線方面30特急仙台
98%
東北線方面15時0特急仙台
98%
東北線方面10時0特急仙台
98%
東北線方面36急行仙台
98%
東北線方面55急行仙台
98%
東北線方面16時0特急仙台
98%
東北線方面9時0特急仙台
98%
東北線方面6急行仙台
98%
東北線方面42寝台急行仙台
98%
東北線方面13時0特急仙台
98%
東北線方面8時0特急仙台
98%
東北線方面6時0特急仙台
98%
東北線方面38急行仙台
98%
東北線方面18時0特急仙台
98%
東北線方面7時0特急仙台
98%
常磐線方面55普通仙台
98%
常磐線方面36普通仙台
98%
常磐線方面40寝台特急青森
96%
高崎線方面19時3普通高崎
96%
常磐線方面50急行青森
96%
東北線方面13普通宇都宮
96%
高崎線方面33普通高崎
96%
東北線方面33特急青森
96%
東北線方面13普通宇都宮
96%
東北線方面3急行宇都宮
96%
東北線方面43普通宇都宮
96%
東北線方面6普通宇都宮
96%
東北線方面41急行青森
96%
東北線方面21寝台特急青森
96%
常磐線方面50寝台特急青森
96%
東北線方面13普通宇都宮
96%
東北線方面22時0寝台特急青森
96%
東北線方面30特急青森
96%
高崎線方面6時15普通高崎
96%
東北線方面32普通宇都宮
96%
東北線方面31急行青森
96%
東北線方面43普通宇都宮
96%
東北線方面21時26普通宇都宮
96%
東北線方面8特急青森
96%
高崎線方面23普通高崎
96%
高崎線方面19特急青森
96%
東北線方面17普通宇都宮
96%
高崎線方面56普通高崎
96%
常磐線方面20急行青森
96%
常磐線方面3寝台特急青森
96%
高崎線方面56普通高崎
96%
東北線方面33特急青森
96%
常磐線方面23時0寝台特急青森
96%
高崎線方面55普通高崎
96%
東北線方面33特急青森
96%
東北線方面40普通宇都宮
96%
東北線方面36急行宇都宮
96%
高崎線方面26普通高崎
96%
常磐線方面22時16寝台特急青森
96%
高崎線方面11時3普通高崎
96%
東北線方面33特急青森
96%
高崎線方面26普通高崎
96%
高崎線方面56普通高崎
96%
常磐線方面53寝台特急青森
96%
東北線方面3特急青森
96%
高崎線方面49特急新潟
94%
高崎線方面49特急新潟
94%
高崎線方面23急行新潟
94%
高崎線方面19特急新潟
94%
高崎線方面49特急新潟
94%
高崎線方面49特急新潟
94%
高崎線方面49特急新潟
94%
高崎線方面23急行新潟
94%
高崎線方面23急行新潟
94%
高崎線方面49特急新潟
94%
高崎線方面13時19特急新潟
94%
高崎線方面49特急新潟
94%
高崎線方面12時49特急新潟
94%
高崎線方面19特急新潟
94%
高崎線方面49特急新潟
94%
高崎線方面49特急新潟
94%
高崎線方面49特急新潟
94%
高崎線方面23時20急行新潟
94%
東北線方面6急行新潟
94%
東北線方面33特急盛岡
92%
東北線方面33特急盛岡
92%
東北線方面33特急盛岡
92%
東北線方面32急行盛岡
92%
常磐線方面8時0急行盛岡
92%
常磐線方面48特急盛岡
92%
常磐線方面13時0急行盛岡
92%
東北線方面34寝台特急盛岡
92%
東北線方面6急行盛岡
92%
東北線方面33特急盛岡
92%
東北線方面30特急秋田
90%
東北線方面3特急秋田
90%
東北線方面24寝台特急秋田
90%
高崎線方面19特急秋田
90%
高崎線方面21時13急行秋田
90%
東北線方面3特急秋田
90%
高崎線方面23時38寝台急行秋田
90%
高崎線方面15時19特急秋田
90%
東北線方面7急行秋田
90%
東北線方面3特急秋田
90%
常磐線方面45急行水戸
89%
常磐線方面13急行水戸
89%
常磐線方面3急行水戸
89%
東北線方面36急行福島
88%
東北線方面33特急山形
86%
東北線方面33特急山形
86%
東北線方面3特急山形
86%
高崎線方面46特急長野
85%
高崎線方面46特急長野
85%
高崎線方面53急行長野
85%
高崎線方面46特急長野
85%
高崎線方面53急行長野
85%
高崎線方面46特急長野
85%
高崎線方面8時16特急長野
85%
高崎線方面46特急長野
85%
高崎線方面53急行長野
85%
高崎線方面49急行長野
85%
高崎線方面7時16特急長野
85%
東北線方面11普通黒磯
84%
東北線方面45普通黒磯
84%
東北線方面13普通黒磯
84%
東北線方面9普通黒磯
84%
東北線方面20時13普通黒磯
84%
東北線方面40普通黒磯
84%
東北線方面43普通黒磯
84%
東北線方面36急行黒磯
84%
東北線方面13普通黒磯
84%
東北線方面43普通黒磯
84%
東北線方面43普通黒磯
84%
東北線方面13普通黒磯
84%
東北線方面43普通黒磯
84%
東北線方面43普通黒磯
84%
東北線方面49普通黒磯
84%
常磐線方面3急行郡山
84%
東北線方面12普通黒磯
84%
高崎線方面56普通前橋
83%
高崎線方面28普通前橋
83%
高崎線方面20時4普通前橋
83%
高崎線方面59普通前橋
83%
高崎線方面56普通前橋
83%
高崎線方面26普通前橋
83%
高崎線方面23急行前橋
83%
高崎線方面26普通前橋
83%
高崎線方面56普通前橋
83%
高崎線方面16普通前橋
83%
高崎線方面22普通前橋
83%
常磐線方面32普通土浦
76%
高崎線方面19特急金沢
73%
高崎線方面17寝台特急金沢
73%
高崎線方面46特急金沢
73%
高崎線方面49急行金沢
73%
高崎線方面9時16特急金沢
73%
高崎線方面52普通長岡
73%
高崎線方面26普通長岡
73%
高崎線方面22時11普通長岡
73%
高崎線方面16時19特急金沢
73%
高崎線方面16特急金沢
73%
高崎線方面26普通籠原
72%
高崎線方面19普通籠原
72%
高崎線方面39普通籠原
72%
高崎線方面42普通籠原
72%
高崎線方面26普通籠原
72%
高崎線方面5時21普通籠原
72%
高崎線方面56普通籠原
72%
高崎線方面24普通籠原
72%
常磐線方面5時9普通
70%
常磐線方面52普通勝田
70%
常磐線方面5普通
70%
常磐線方面18普通
70%
常磐線方面7時0特急
70%
常磐線方面20急行
70%
常磐線方面24普通勝田
70%
常磐線方面33普通
70%
常磐線方面13普通
70%
常磐線方面30普通
70%
東北線方面36急行勝田
70%
常磐線方面8普通勝田
70%
常磐線方面39普通勝田
70%
常磐線方面41特急
70%
常磐線方面43普通勝田
70%
常磐線方面17時0特急
70%
常磐線方面4急行
70%
常磐線方面16時0特急
70%
常磐線方面10普通勝田
70%
常磐線方面7急行
70%
常磐線方面12時0特急
70%
常磐線方面33普通
70%
常磐線方面11時0特急
70%
常磐線方面15時0特急
70%
常磐線方面33普通
70%
常磐線方面14時0特急
70%
常磐線方面40普通
70%
常磐線方面19急行
70%
東北線方面52普通小金井
67%
東北線方面26普通小金井
67%
高崎線方面52普通小山
67%
東北線方面39普通小金井
67%
東北線方面22普通小金井
67%
東北線方面43普通小金井
67%
東北線方面44普通小金井
67%
高崎線方面23急行小山
67%
東北線方面13普通小金井
67%
東北線方面13普通小金井
67%
東北線方面37普通小金井
67%
東北線方面13普通小金井
67%
東北線方面43普通小金井
67%
東北線方面6普通小金井
67%
高崎線方面10時23急行水上
65%
高崎線方面23急行水上
65%
高崎線方面53急行水上
65%
高崎線方面40普通水上
65%
高崎線方面23急行水上
65%
高崎線方面56普通水上
65%
高崎線方面23急行水上
65%
高崎線方面26普通水上
65%
高崎線方面53急行水上
65%
高崎線方面56普通水上
65%
常磐線方面10時0特急原ノ町
57%
常磐線方面19時0特急原ノ町
57%
常磐線方面18時0特急原ノ町
57%
高崎線方面58急行直江津
55%
高崎線方面53急行直江津
55%
高崎線方面23急行直江津
55%
高崎線方面46特急直江津
55%
高崎線方面23急行直江津
55%
常磐線方面33普通高萩
54%
常磐線方面28普通高萩
54%
常磐線方面20時17普通高萩
54%
常磐線方面45普通高萩
54%
常磐線方面11普通高萩
54%
常磐線方面21時23普通高萩
54%
常磐線方面30普通高萩
54%
常磐線方面35普通高萩
54%
高崎線方面56普通新前橋
53%
高崎線方面19普通新前橋
53%
高崎線方面17時9普通新前橋
53%
東北線方面3特急会津若松
51%
東北線方面55急行会津若松
51%
東北線方面23時4急行酒田
48%
東北線方面45普通日光
45%
東北線方面13普通日光
45%
東北線方面4急行日光
45%
東北線方面6急行日光
45%
東北線方面9普通日光
45%
東北線方面43普通日光
45%
東北線方面43普通日光
45%
東北線方面6急行日光
45%
東北線方面5時12普通日光
45%
高崎線方面53急行福井
38%
高崎線方面26普通長野原
36%
高崎線方面26普通渋川
30%
高崎線方面53急行万座・鹿沢口
25%
高崎線方面23急行万座・鹿沢口
25%
高崎線方面28普通万座・鹿沢口
25%
高崎線方面23急行万座・鹿沢口
25%
高崎線方面23急行桐生
25%
高崎線方面14時23急行万座・鹿沢口
25%
高崎線方面23急行万座・鹿沢口
25%
東北線方面3急行桐生
25%
常磐線方面9時10急行相馬
24%
東北線方面6急行喜多方
22%
東北線方面6急行喜多方
22%
東北線方面38急行喜多方
22%
高崎線方面18時6普通深谷
20%
高崎線方面53急行妙高高原
13%
常磐線方面4急行常陸太田
12%
高崎線方面53急行湯田中
9%
常磐線方面36普通草野
8%
常磐線方面4急行磐城石川
6%

Score Distribution

Percentile by Number Answered

Percent of People with Each Score

Your Score History

You have not taken this quiz